Structural Engineering-I(RCC)/ (Record no. 196602)

MARC details
000 -LEADER
fixed length control field 00590nam a2200193 4500
005 - DATE AND TIME OF LATEST TRANSACTION
control field 20230718104727.0
010 ## - LCCN (DPL NO)
LC control number ENG-137448
020 ## - INTERNATIONAL STANDARD BOOK NUMBER
Terms of availability 550.00
International Standard Book Number 9789382829485
035 ## - SYSTEM CONTROL NUMBER
System control number EN-120980
037 ## - SOURCE OF ACQUISITION
Source of stock number/acquisition DBAD/PUB
082 ## - DEWEY DECIMAL CLASSIFICATION NUMBER
Classification number 624.1
100 ## - MAIN ENTRY--PERSONAL NAME
Personal name Rajeshwari,Ch.
245 ## - TITLE STATEMENT
Title Structural Engineering-I(RCC)/
Statement of responsibility, etc By Ch. Rajeshwari
260 ## - PUBLICATION, DISTRIBUTION, ETC. (IMPRINT)
Place of publication, distribution, etc Hydrabad
Name of publisher, distributor, etc M/s SriKrishna Techno Books
Date of publication, distribution, etc 2023
270 ## - ADDRESS
Address 7-1-277/242, 5th Floor Near B K Guda Park, S R Nagar
City Hyderabad
Postal code 500038
300 ## - PHYSICAL DESCRIPTION
Extent xiv; 258p.
Dimensions 24cm(pbk)
700 ## - ADDED ENTRY--PERSONAL NAME
Personal name P. Suresh
942 ## - ADDED ENTRY ELEMENTS (KOHA)
Source of classification or shelving scheme Dewey Decimal Classification
Item type English Books
Classification part 624.1
Call number suffix RAJ
Holdings
Withdrawn status Lost status Not for loan Collection code Home library Current library Date acquired Source of acquisition Cost, normal purchase price Full call number Barcode Copy number Cost, replacement price Koha item type
      Non-fiction Narela Narela 17/07/2023 DBAD/PUB 550.00 624.1 RAJ EN-120980 1 550.00 English Books

© Delhi Public Library
Hit Counter
free hit counter